Extremely Hard General Knowledge #66 - Statistics

General Stats
  • This quiz has been taken 265 times
  • The average score is 5 of 20
Answer Stats
Hint Answer % Correct
Graz, Linz and Bregenz are all state capitals of which country? Austria
72%
Who wrote the The Communist Manifesto with Karl Marx? Friedrich Engels
71%
Put these metric prefixes in order going from smallest to largest: Giga, Kilo, Mega, Peta, Tera Kilo Mega Giga Tera Peta
59%
According to proverb, what does familiarity breed? Contempt
48%
What A-word is the name of the small sheath, often made of plastic or metal, attached at each end of a shoelace or drawstring? Aglet
43%
What does the broadcasting initialism FM stand for? Frequency modulation
36%
in Greek Mythology, who was King of Troy during the Trojan War? Priam
25%
According to the Guinness World Records, what is the most venomous spider to humans? Sydney funnel-web
21%
Derived from the Latin for "hoofed", what name is given to the clade of mammals with hooves? Ungulata
16%
What is the name of the indie rock supergroup made up of Julien Baker, Phoebe Bridgers, & Lucy Dacus which had a UK Number One Album with The Record in 2023? Boygenius
14%
In tennis, which Spanish woman won Wimbledon in 1994 and also finished as runner up in both the Australian Open in 1998 and French Open in 2000? Conchita Martínez
13%
In the Where's Wally/Waldo? puzzle books, what is the name of the titular characters nemesis who is wearing a yellow and black jumper? Odlaw
12%
What is the name of the Agatha Christie novel, published in the UK in 1921, which introduces the fictional detective Hercule Poirot? The Mysterious Affair at Styles
11%
What is the name of the dormant volcano that is the highest peak in Iran? Mount {Damavand}
11%
What do the H and P stand for in the American author's name H.P Lovecraft? Howard Phillips
7%
Which American won his first major golf championship when he won the 2023 British Open? Brian Harman
6%
Derived from the Italian for "made of flour", what name is given to the flatbread made from chickpeas that is commonly eaten in Italy? Farinata
4%
Who was U.S. Vice President to Rutherford B. Hayes from 1877 to 1881? William A. Wheeler
2%
The song "Baby, It's Cold Outside" which won the Oscar for Best Original Song in 1950, was debuted in which film? Neptune's Daughter (1949)
1%
What is the name of the shipping forecast area that borders Wales and Cornwall? Lundy
1%
No matching quizzes found
Score Distribution
Percent of People with Each Score
Percentile by Number Answered
Your Score History
You have not taken this quiz